| 000 | 01006nam a22002777a 4500 | ||
|---|---|---|---|
| 005 | 20141104144215.0 | ||
| 008 | 141104t2013 xxua frbf 001 0 eng d | ||
| 020 | _a9781451150223 | ||
| 020 | _a1451150229 | ||
| 040 | _aEG-ScBUE | ||
| 082 | 0 | 0 |
_222 _a615.58 _bKAR |
| 100 | 1 |
_936452 _aKarch, Amy Morrison, _d1949- |
|
| 245 | 1 | 0 |
_a2013 Lippincott's nursing drug guide / _cAmy M. Karch. |
| 246 | 3 | _aTwo thousand and thirteen Lippincott's nursing drug guide | |
| 246 | 3 | 0 | _aLippincott's nursing drug guide |
| 260 |
_aPhiladelphia, United States : _bWolters Kluwer Health / Lippincott Williams & Wilkins, _cc.2013. |
||
| 300 |
_axvii, 1486 p. : _bill. (col.) ; _c21 cm. |
||
| 500 | _aIndex : p. 1403-1486. | ||
| 500 | _aIncludes appendixes. | ||
| 504 | _aBibliography : p. 1401. | ||
| 650 | 0 |
_927235 _aDrugs _xAdministration _vHandbooks, manuals, etc. |
|
| 650 | 0 |
_912117 _aNursing _vHandbooks, manuals, etc. |
|
| 653 |
_bNNUR _cNovember2014 |
||
| 655 |
_vreading book _934232 |
||
| 942 |
_2ddc _k615.58 KAR |
||
| 999 |
_c18550 _d18522 |
||